Garfield Book Characters - Statistics

General Stats
  • This quiz has been taken 116 times
    107 since last reset
  • The average score is 9 of 13
Answer Stats
Hint Character % Correct
Main character (cat) Garfield
98%
Annoying Dog Odie
95%
Cat's Owner Jon
94%
Cute Gray kitten Nermal
91%
Cat's Doctor Liz
89%
Cat's Teddy Bear Pooky
85%
Female cat Arlene
78%
Owner's brother Doc Boy
66%
Mouse that lives in Owner's house Squeak/Herman
66%
Clown Binky
48%
Waitress in their favorite diner Irma
46%
Owner's Best Friend Lyman
46%
Mean Neighbor Ms Feeny
29%
No matching quizzes found
Score Distribution
Percent of People with Each Score
Percentile by Number Answered
Your Score History
You have not taken this quiz since the last reset